| 000 | 00622nam a22001937a 4500 | ||
|---|---|---|---|
| 003 | OSt | ||
| 005 | 20251126084616.0 | ||
| 008 | 251126b |||||||| |||| 00| 0 eng d | ||
| 020 | _a0-495-17171-9. | ||
| 040 |
_aDWCL-Main lib _cOC |
||
| 082 |
_26th ed. _aCirc. 153.8 F829h 2007 |
||
| 100 | _aFranken, Robert E. | ||
| 245 |
_aHuman motivation _cFranken, Robert E. |
||
| 260 |
_aUSA : _bThomson Higher Education, _cc2007. |
||
| 300 |
_axvi, 464 pages : _billustration ; _c23 cm. |
||
| 500 | _aIncludes bibliographical references and index. | ||
| 650 | _21. Motivation (Psychology). | ||
| 942 |
_2ddc _cBK-CIRC _e6th ed. _kCirc. _n0 |
||
| 999 |
_c6344 _d6344 |
||